000 00865nam a22002417a 4500
999 _c162172
_d162172
005 20190816124807.0
010 _a1819CHEN B-719133-153
020 _a9788180222290
_c249.00
035 _aB-719133-153
035 _aB-728612
037 _bBlueberry Books
082 _aS
100 _aGalland,Antoine
245 _aAladdin /
_cby Antoine Galland ; illustrated by Andreea Togoe
260 _bPriority Publications
_c2017
_aNew Delhi
270 _a4325/3, Ansari Road, Daryaganj
_bNew Delhi
_e110002
300 _aunpaged:
_bcol.ill.
_c30cm(Hb)
500 _aAirport
700 _aTogoe, Andreea
942 _2ddc
_cCH
_mGAL
_hS